1127 1408 1572 1861 1192 1117 1785 1279 1581 1935 1145 1964 1484 1139 1503 1607 1154 1723 1311 1012 1678 1505 1266 1472 1071 1208 1380 1594 1270 1933 1844 1404 1555 1724 1711 1370 1867 1851 1660 1980 1729 1948 1360 1973 1274 1403 1445 1115 1934 1866 1575 1032 1111 1575 1204 1502 1743 1042 1992 1732 1921 1383 1942 1365 1338 1520 1467 1355 1435 1349 1484 1573 1301 1329 1630 1558 1195 1916 1441 1013 1512 1692 1084 1556 1977 1158 1756 1687 1346 1349 1076 1527 1850 1410 1724 1068 1956 1213 1808 BCNSPRNW ULIB Ver.6.0+V

เปลี่ยนเป็นภาษาไทย

Change to English
 แสดงรายละเอียดบรรณานุกรม
  กลับหน้าหลัก

Brief Record : Get Marc (ISO 2709) : E-mail record : QR code < ปิดหน้าต่าง
LEADER : 00000nam 2200000uu 4500
001    13399122088
003     ULIB
008    121225s2555||||th 000 0 tha d
020    9786162079344
060  4 WS113^bส786ป
100 0  สุธีรา เอื้อไพโรจน์กิจ
245 00 ป้องกัน 25 โรคฮิตให้ลูก^cสุธีรา เอื้อไพโรจน์กิจ
260    กรุงเทพฯ:^bอมรินทร์สุขภาพ,^c2555
300    132 หน้า
650  4 กุมารเวชศาสตร์
650  4 โรคเด็ก
945    ^p145^l0^i033343
945    ^p145^l0^i033344
995    เกษร
999    ^aใช้งานได้ทุกระบบ
รายการนี้ยังไม่มีแท็ก
คุณยังไม่ได้ล็อกอิน คุณสามารถมีกิจกรรมร่วมกับเว็บไซต์ได้ แต่ต้องล็อกอินก่อน ::
  ล็อกอิน

รายการสื่อสารสนเทศ

ลำดับที่ ประเภท เลขเรียก/บาร์โค้ด สถานที่ สถานะ
1. วิทยาศาสตร์การแพทย์ และสุขภาพ
วิทยาศาสตร์การแพทย์ และสุขภาพ
WS113 ส786ป ฉ.1 
  Barcode: 033343
ห้องสมุดวิทยาเขตสวรรค์ประชารักษ์
►ส่วนจัดเก็บหนังสือเก่า สปร
บนชั้น
  ขอยืม
2. วิทยาศาสตร์การแพทย์ และสุขภาพ
วิทยาศาสตร์การแพทย์ และสุขภาพ
WS113 ส786ป ฉ.2 
  Barcode: 033344
ห้องสมุดวิทยาเขตสวรรค์ประชารักษ์
►ส่วนจัดเก็บหนังสือเก่า สปร
บนชั้น
  ขอยืม

รายการใกล้เคียง
    หัวเรื่อง [กุมารเวชศาสตร์]
    หัวเรื่อง [โรคเด็ก]

BibComment


ยังไม่เคยถูกคอมเมนท์

คอมเมนท์ทรัพยากรรายการนี้
  คอมเมนท์: ป้องกัน 25 โรคฮิต..


 Copyright 2026. Bcnsprnw @Library